Central Library OPAC University of Rajshahi

Ecology : (Record no. 36881)

MARC details
000 -LEADER
fixed length control field 00787nam a2200265 a 4500
001 - CONTROL NUMBER
control field 36881
003 - CONTROL NUMBER IDENTIFIER
rucl marc code BD-RjUL
005 - DATE AND TIME OF LATEST TRANSACTION
control field 20211209052544.0
008 - FIXED-LENGTH DATA ELEMENTS--GENERAL INFORMATION
fixed length control field 140922s2002 ii ab b 001 0 eng
020 ## - INTERNATIONAL STANDARD BOOK NUMBER
International Standard Book Number 8120321316
035 ## - SYSTEM CONTROL NUMBER
System control number (BD-RjUL)36983
040 ## - CATALOGING SOURCE
Original cataloging agency DLC
Transcribing agency DLC
Modifying agency DLC
-- BD-RjUL
Language of cataloging eng
041 ## - LANGUAGE CODE
Language code of text/sound track or separate title eng
082 00 - DEWEY DECIMAL CLASSIFICATION NUMBER
Classification number 577
Edition number 21
Author mark and year STE 2002
100 1# - MAIN ENTRY--PERSONAL NAME
Personal name Stiling, Peter D.
9 (RLIN) 112563
245 10 - TITLE STATEMENT
Title Ecology :
Remainder of title theories and applications /
Statement of responsibility, etc. Peter Stiling.
250 ## - EDITION STATEMENT
Edition statement 4th ed.
260 ## - PUBLICATION, DISTRIBUTION, ETC. (IMPRINT)
Place of publication, distribution, etc. NEW Delhi :
Name of publisher, distributor, etc. Prentice- Hall of India Private Ltd. ,
Date of publication, distribution, etc. c2002.
300 ## - PHYSICAL DESCRIPTION
Pagination xii, 403 p. :
Illustrations col. ill., maps ;
Size 29 cm.
504 ## - BIBLIOGRAPHY, ETC. NOTE
Bibliography, etc Includes bibliographical references (p. [380]-390).
650 #0 - SUBJECT ADDED ENTRY--TOPICAL TERM
Topical term or geographic name as entry element Ecology.
9 (RLIN) 112564
942 ## - ADDED ENTRY ELEMENTS (KOHA)
Source of classification or shelving scheme Dewey Decimal Classification
Koha item type Books
Holdings
Lost status Source of classification or shelving scheme Damaged status Not for loan Collection code Permanent Location Current Location Shelving location Date acquired Source of acquisition Cost, normal purchase price Total Checkouts Full call number Date last seen Copy number Koha item type
  Dewey Decimal Classification   Not For Loan Non-fiction Institute of Biological Sciences (IBSc) Library Institute of Biological Sciences (IBSc) Library   22/09/2014 Karim International 442.00   577 STE 2002 22/09/2014 C-1 Books